Between facts and norms (Record no. 535283)

MARC details
000 -LEADER
fixed length control field 00782nam a2200265Ia 4500
003 - CONTROL NUMBER IDENTIFIER
control field OSt
005 - DATE AND TIME OF LATEST TRANSACTION
control field 20220925200041.0
008 - FIXED-LENGTH DATA ELEMENTS--GENERAL INFORMATION
fixed length control field 220923b |||||||| |||| 00| 0 eng d
020 ## - INTERNATIONAL STANDARD BOOK NUMBER
International Standard Book Number 0745612296
037 ## - SOURCE OF ACQUISITION
Terms of availability General Book
040 ## - CATALOGING SOURCE
Original cataloging agency RTL
Transcribing agency RTL
Language of cataloging eng
041 ## - LANGUAGE CODE
Source of code eng
Language code of text/sound track or separate title eng
100 ## - MAIN ENTRY--PERSONAL NAME
Personal name Habermas Jurgen
245 #0 - TITLE STATEMENT
Title Between facts and norms
Remainder of title Cotributions to a discourse theory of law and democracy
260 ## - PUBLICATION, DISTRIBUTION, ETC.
Place of publication, distribution, etc. Combridge
Name of publisher, distributor, etc. Polity Press
Date of publication, distribution, etc. 1996
300 ## - PHYSICAL DESCRIPTION
Extent xlii,631p Bibliography: P 571-93
Dimensions cm.
650 ## - SUBJECT ADDED ENTRY--TOPICAL TERM
Topical term or geographic name entry element Classics
650 ## - SUBJECT ADDED ENTRY--TOPICAL TERM
Topical term or geographic name entry element Jurgen Hab Ermas
9 (RLIN) 256488
650 ## - SUBJECT ADDED ENTRY--TOPICAL TERM
Topical term or geographic name entry element Philosphy
9 (RLIN) 256489
942 ## - ADDED ENTRY ELEMENTS (KOHA)
Classification part RxN29, N6
Koha item type General Books
Source of classification or shelving scheme Colon Classification (CC)

No items available.

Copyright @ Delhi University Library System